|
|
|
|
| LEADER |
02259nam a22004097a 4500 |
| 001 |
mzk03000728784 |
| 003 |
CZ BrMZK |
| 005 |
20120215141111.0 |
| 007 |
ta |
| 008 |
040813s1661 xxk fr|||||00| ||latod |
| 040 |
|
|
|a BOA001
|c BOA001
|b cze
|
| 041 |
0 |
|
|a lat
|a gez
|
| 072 |
|
7 |
|a 094
|x Staré tisky
|2 Konspekt
|9 12
|
| 080 |
|
|
|a (0.068)094
|2 MRF
|
| 100 |
1 |
|
|a Ludolf, Job,
|d 1624-1704
|7 ola2002158764
|4 aut
|
| 245 |
1 |
0 |
|a Sive, ... Lexicon Aethiopico-Latinum, Ex omnibus libris impressis, nonnullisque Manuscriptis collectum; Et cum docto quodam Aethiope relectum Accessit Authoris Grammatica, Cum aliis nonnulis, quorum Catalogum sequens pagina exhibebit. Nunc primum in lucem editum, studio & curâ Johannis Michaelis Wanslebii Mathem. & Orient. LL. Stud. Qui Indicem Latinum, & Appendicem operi addidit
|
| 246 |
3 |
1 |
|a Mazgāba qalat za-lesāna ge'ez zewe'tu lesāna mazḥaf za-Ityopyā
|
| 250 |
|
|
|a Nunc primùm in lucem editum
|
| 260 |
|
|
|a Londini :
|b Thomas Roycroft,
|c 1661
|
| 300 |
|
|
|a [20], 76 s., 560 sl., [40] s. ;
|c 4°
|
| 500 |
|
|
|a Výzdoba: Titulní strana tištěna červeně a černě, viněta, vlysy, iniciály
|
| 505 |
0 |
|
|a Přítisk, Confessio fidei ... Cum Notis et Versione Latina Jobi Ludolfi ... Nunc vero edita, curâ & studio Johannis Michalis Wanslebii, Qui Liturgiam S. Dioscori Patriarchae Alexandrini Aethiopice & Latine addidit / Claudius - rex Aethiopiae. -- Londini : Thomas Roycroft, 1661. -- [8] l.
|
| 546 |
|
|
|a Text tištěn etiopštinou a latinou
|
| 655 |
|
7 |
|a staré tisky
|7 fd422076
|2 czenas
|
| 740 |
0 |
2 |
|a Confessio fidei ... Cum Notis et Versione Latina Jobi Ludolfi ... Nunc vero edita, curâ & studio Johannis Michalis Wanslebii, Qui Liturgiam S. Dioscori Patriarchae Alexandrini Aethiopice & Latine addidit
|
| 700 |
1 |
|
|a Wansleben, Johann Michael,
|d 1635-1679
|7 mzk2009533327
|4 com
|
| 700 |
0 |
|
|a Dioscorus,
|c patriarcha Alexandrie
|4 oth
|
| 700 |
0 |
|
|a Claudius
|c rex Aethiopiae
|4 aut
|
| 903 |
|
|
|a RP
|
| 910 |
|
|
|a BOA001
|b ST2-0992.209
|
| 978 |
|
|
|b Roycroft, Thomas
|a London
|c 1661
|
| 984 |
|
|
|a Londýn
|b Velká Británie
|
| 985 |
|
|
|a 1651-1700
|
| 990 |
|
|
|a BK
|
| 993 |
|
|
|a Y
|
| 991 |
|
|
|k mzk
|
| 996 |
6 |
|
|b 2619311795
|c ST2-0992.209
|l stud. ST
|r Sklad / do násl. otevíracího dne
|n 0
|w 000728784
|u 000010
|a 1
|e BOA001
|s P
|